Welcome to the Holygrace Academy Library

Please use search bar below to get started

MILLENIUM FAMILY ENCYCLOPEDIA (Record no. 1901)

MARC details
000 -LEADER
fixed length control field 00247nam a22001097a 4500
082 ## - DEWEY DECIMAL CLASSIFICATION NUMBER
Classification number 030
Item number PAR/M
100 ## - MAIN ENTRY--AUTHOR NAME
Personal name PERSONS,JAYNE
245 ## - TITLE STATEMENT
Title MILLENIUM FAMILY ENCYCLOPEDIA
260 ## - PUBLICATION, DISTRIBUTION, ETC. (IMPRINT)
Place of publication UK
Name of publisher DK LIMITED
650 ## - SUBJECT ADDED ENTRY--TOPICAL TERM
Topical Term FAMILY ENCYCLOPEDIA
Geographic subdivision UK
942 ## - ADDED ENTRY ELEMENTS (KOHA)
Koha item type Books
Holdings
Withdrawn status Lost status Collection code Home library Current library Shelving location Date acquired Source of acquisition Full call number Accession Number Koha item type
    Reference Main Library Main Library SHELF 2-A SCIENCE IN OUR WORLD,FUNK7WAGNALLS ENCYCLO,,FIRST AID ,Y2K,MEDICAL 14/08/2003 PURCHASE 030 PAR/M 01252 Books
    Reference Main Library Main Library SHELF 2-A SCIENCE IN OUR WORLD,FUNK7WAGNALLS ENCYCLO,,FIRST AID ,Y2K,MEDICAL 14/08/2003 PURCHASE 030 PAR/M 01250 Books
    Reference Main Library Main Library SHELF 2-A SCIENCE IN OUR WORLD,FUNK7WAGNALLS ENCYCLO,,FIRST AID ,Y2K,MEDICAL 14/08/2003 PURCHASE 030 PAR/M 01251 Books
    Reference Main Library Main Library SHELF 2-A SCIENCE IN OUR WORLD,FUNK7WAGNALLS ENCYCLO,,FIRST AID ,Y2K,MEDICAL 14/08/2003   030 PAR/M 01249 Books
    Reference Main Library Main Library SHELF 2-A SCIENCE IN OUR WORLD,FUNK7WAGNALLS ENCYCLO,,FIRST AID ,Y2K,MEDICAL 14/08/2003 PURCHASE 030 PAR/M 01248 Books